000 00365nam a2200157Ia 4500
008 151213s9999 xx 000 0 und d
100 _aW.J.Keegam
245 _aMarketing
_cW.J.Keegam
250 _a2nd
260 _aNew Jersey
_bPrentic Hall
_c1995
300 _a2751 p.
650 _aMarketing
650 _aMarketing
700 _aW.J.Keegam
999 _c1861
_d1861